| 000 | 00906nam a22002657a 4500 | ||
|---|---|---|---|
| 001 | 21150 | ||
| 003 | UA-OsUOA | ||
| 005 | 20220517115422.0 | ||
| 007 | ta | ||
| 008 | 20031120b un ||||| |||| 00| 0 ukr d | ||
| 040 |
_aUA-OsUOA _brus _cUA-OsUOA _dUA-OsUOA |
||
| 041 | _arus | ||
| 044 | _aRU | ||
| 080 | _a94(4)"1939-1945" | ||
| 090 |
_a94(4)"1939-1945" _bИ90 |
||
| 245 |
_aИстория Великой Отечественной войны Советского Союза 1941–1945 _cред. М. М. Минасян |
||
| 260 |
_aМосква _bВоенное изд-во министерства обороны союза ССР _c1962 |
||
| 300 | _a730 с. | ||
| 505 | _gТ. 4 | ||
| 650 | 7 |
_2UDC _a94 Історія загалом |
|
| 700 | 1 |
_aМинасян М. М. _eред. |
|
| 942 |
_cBK _2udc |
||
| 955 | _a2 | ||
| 999 |
_c307343 _d307343 |
||